Daday tanár úr
Elmentve itt :
| Szerző: | |
|---|---|
| Adatforrás: | Meister |
| Forrásdokumentuma: | Művelődés. - 12 sz., 1993, 12-13 p. |
| Nyelv: | magyar |
| Kulcsszavak: | irodalomtörténet magyar-román kapcsolatok DADAY Loránd |
| LEADER | 00381nab a2200145 i 4500 | ||
|---|---|---|---|
| 001 | bibPRO00003351 | ||
| 008 | 060524s1993 xx hun | ||
| 040 | |a Sz1 | ||
| 041 | |a hun | ||
| 100 | 1 | |a PAPP Béla | |
| 245 | 1 | 0 | |a Daday tanár úr |c PAPP Béla |
| 695 | |a irodalomtörténet | ||
| 695 | |a magyar-román kapcsolatok | ||
| 695 | |a DADAY Loránd | ||
| 773 | 0 | |t Művelődés. - |g 12 sz., 1993, 12-13 p. | |